Quizzes
Events
Quiz Creation
Community
Videos
Private Events
Remove Ads
Sign In
Join for FREE
Feedback
Dark Mode
Quiz Categories
Sports
Geography
Music
Movies
Television
Just For Fun
Miscellaneous
History
Literature
Language
Science
Gaming
Entertainment
Religion
Holiday
For Kids
Quiz Lab
Recent
Popular Today
Quiz Kudos Today
Editor Picks
Curator Picks
Quizzes by...
Day
Popularity
Type
Ratings
Length
Year
Community
Subscriptions
Recent Discussions
Orange Saloon
Badges
Playlists
Quests
Create
Leaderboards
Showdown
Live 5
Trivia Bingo
Activity
Puzzle Library
Sporcle Events
Private Events
Virtual Trivia
Globe League
Become a Host
Pub Owners
SporcleCon
Opinionation
Our Games
Videos
Blog
Mobile Apps
Partnerships
Remove Ads and Go Orange
Feedback
Music
Pop Music
The Beatles
Song
Album
Lyrics
Bands
Singers
Artist
Clip
Rock
Rap
Classical
Billboard
Country Music
Kpop
Taylor Swift
Music
Pop Music
The Beatles
Song
Album
Lyrics
Bands
Singers
Artist
Clip
Rock
Rap
Classical
Billboard
Country Music
Kpop
Taylor Swift
Random Quiz
Search Sporcle
×
Quiz Lab
Quiz Lab
Music
Artist
Type in answers that appear in a list
Type in answers that appear in a list
Classic
Best Score? Go Orange.
#1 Artists ('60s) Stats
Can you name the artists who hit #1 on the Billboard Hot 100 in the '60s?
By
leviper
20m
135 Questions
546 Plays
546 Plays
546 Plays
Comments
Comments
Give Quiz Kudos
Give Quiz Kudos
-
- Ratings
hide this ad
More Info
Replay
Link that replays current quiz
Next Quiz
Link to next quiz in quiz playlist
You Got
0%
They Got
Avg Score
41%
Avg Friend Score
Upgrade to see
Score Distribution
Jump to the score distribution portion of the page
Score
0/135
Timer
20:00
0
Plays Today
Year of First #1
Artist
% Correct
1964
The Beatles
98.7%
1960
Elvis Presley
90.7%
1965
The Rolling Stones
89.2%
1964
The Supremes
88.6%
1965
The Temptations
80.2%
1964
The Beach Boys
79.9%
1965
The Four Tops
76.2%
1966
Frank Sinatra
75.3%
1966
Nancy Sinatra
73.4%
1968
Marvin Gaye
72.9%
1967
Aretha Franklin
71.1%
1967
The Doors
68.7%
1962
The Four Seasons
67.9%
1963
Little Stevie Wonder
66.7%
1966
The Monkees
64.8%
1965
Herman's Hermits
64.7%
1966
Simon & Garfunkel
64.1%
1960
Ray Charles
63.7%
1965
The Byrds
63.2%
1966
The Mamas & the Papas
59.5%
1964
The Animals
59.3%
1968
Otis Redding
59.3%
1965
Petula Clark
59.2%
1960
Brenda Lee
57.7%
1966
Tommy James and the Shondells
57.1%
1960
The Everly Brothers
56.6%
1965
Gary Lewis & the Playboys
55.7%
1961
The Shirelles
55.5%
1960
Chubby Checker
54.8%
1961
Roy Orbison
54.6%
1961
Ricky Nelson
53.1%
1961
Bobby Lewis
52.9%
1961
Dion
52.9%
1965
The Righteous Brothers
52.7%
1969
The 5th Dimension
52.7%
1964
Dean Martin
52.6%
1962
Bobby Vinton
52.4%
1960
Connie Francis
50.7%
1963
Lesley Gore
50.7%
1969
The Archies
49.6%
1960
The Drifters
49.3%
1965
The Dave Clark Five
49.3%
1960
Maurice Williams and the Zodiacs
49.1%
1969
Peter, Paul, and Mary
48.9%
1965
Sonny & Cher
47.6%
Year of First #1
Artist
% Correct
1963
Jan & Dean
46.5%
1966
The Lovin' Spoonful
45.4%
1967
The Turtles
44.5%
1969
Sly and the Family Stone
44.5%
1966
The (Young) Rascals
43.6%
1961
Del Shannon
42.1%
1964
Louis Armstrong
41.9%
1964
Mary Wells
41.9%
1962
Neil Sedaka
41.6%
1961
Bobby Vee
40.8%
1967
Lulu
40.8%
1964
Manfred Mann
39.9%
1966
Donovan
39.6%
1969
Zager and Evans
39%
1961
Pat Boone
38.8%
1966
The Association
38.8%
1960
Percy Faith
37.9%
1963*
April Stevens
37.7%
1964
The Shangri-Las
37.4%
1963
The Chiffons
37.2%
1968
Herb Alpert
37%
1961
The Marvelettes
36.4%
1966
The Troggs
36.4%
1966
SSgt Barry Sadler
36.3%
1968
John Fred and His Playboy Band
35.7%
1962
The Crystals
34.8%
1963
The Singing Nun
34.8%
1964
Peter and Gordon
34.6%
1967
Strawberry Alarm Clock
34.6%
1962
Joey Dee and the Starliters
34.4%
1962
Little Eva
34.4%
1960
Marty Robbins
33.9%
1964
Lorne Greene
33.9%
1966
Percy Sledge
33.7%
1969
Henry Mancini
33.5%
1962
The Tornados
32.4%
1962
Tommy Roe
32.2%
1960
Johnny Preston
31.9%
1966
? and the Mysterians
31.9%
1967
Bobbie Gentry
31.9%
1967
Box Tops
31.9%
1965
Freddie and the Dreamers
31.7%
1964
The Dixie Cups
31.5%
1969*
Billy Preston
31.5%
1961
Jimmy Dean
30.8%
Year of First #1
Artist
% Correct
1967
The Buckinghams
30.4%
1965
Wayne Fontana and the Mindbenders
30.2%
1968
Jeannie C. Riley
30.2%
1965
Barry McGuire
29.1%
1968
The Lemon Pipers
28.9%
1968
Archie Bell & the Drells
28.9%
1963
The Angels
28.8%
1966
Johnny Rivers
28.8%
1968
Paul Mauriat
28.6%
1963
Jimmy Gilmer and the Fireballs
28.4%
1962
Mr. Acker Bilk
28.2%
1961
The Tokens
28%
1968
Bobby Goldsboro
28%
1963
Paul & Paula
27.3%
1966
Lou Christie
27.3%
1961
Lawrence Welk
26.9%
1963
Little Peggy March
26.9%
1963*
Nino Tempo
26.6%
1966
The New Vaudeville Band
26.4%
1962
Shelley Fabares
26%
1961
Gary U.S. Bonds
24.9%
1968
Hugh Masekela
24.9%
1963
Kyu Sakamoto
24.7%
1961
Bert Kaempfert
24.5%
1961
The Highwaymen
24.5%
1962
David Rose
24.5%
1963
Steve Lawrence
24.5%
1960
Bryan Hyland
24.4%
1961
Ernie K-Doe
24.4%
1969
Steam
24.4%
1961
The Marcels
24.2%
1960
Mark Dinning
23.8%
1960
Hollywood Argyles
23.6%
1962
Gene Chandler
23.4%
1963
Dale & Grace
23.4%
1963
The Tymes
22.9%
1965
The McCoys
22.9%
1962
Bruce Channel
22.5%
1963
The Rooftop Singers
22.5%
1963
Ruby & the Romantics
22.2%
1963
Jimmy Soul
21.6%
1963
The Essex
21.4%
1960
Larry Verne
21.2%
1961
Joe Dowell
19.8%
1962
Bobby 'Boris' Pickett and the Crypt-Kickers
19%
Quiz Playlist
Details
Report
Send in Message
Add To Playlist
More Info:
* indicates a duet
Classic:
Type in answers that appear in a list
Last Updated: Feb 16, 2017
Quiz Scoreboard
CHALLENGE
Sign Up to Join the Scoreboard
Show All
Scores
Hide
Comments
May contain spoilers
Recently Published
Popular People in 1961
by mucciniale
History
6m
1-10 Letter E Words III
by El_Dandy
Language
2m
One Thing in Common: World Cities II
by knightlancer
Geography
7m
More to Explore
Quiz From the Vault
Featured Blog Post
Where Did the Easter Bunny Come From?
hide this ad
You Might Also Like...
Tags
Artist Quiz
Billboard Quiz
100
1960s
hit
hot
Today's Top Quizzes in Music
Browse Music
hide this ad
Today's Top Quizzes in Artist
Browse Artist
Top Contributed Quizzes in Music
1
Taylor Swift All Songs (2024)
2
2010s Album by Cover III
3
One Thing in Common: Music
4
Taylor Swift Logic Puzzle
5
Guess the Artist- 70s Songs
6
2010s Album by Cover IV
7
Guess the Taylor Swift song (Mystery Song)
8
2010s Album by Cover V
9
Lana Del Rey Discography (BTD to DYKTTATUOB)
10
2010s Album by Cover VI
Explore More
Trending Topics
Marvel
Harry Potter
NBA
Crossword
Disney
Kpop
Anime
Song
Pokémon
Puzzle
WWE
Soccer
Country
The Office
NFL
hide this ad
More By:
leviper
Quiz
Plays
Rating
Category
Featured
Created
Multiple US #1s (1980-1989)
78,085
4.65
Music
Nov 27, 2009
Biographical Oscar Winners
33,901
4.50
Movies
Mar 6, 2011
3+ #1s on One Album
30,394
3.69
Music
Jul 28, 2010
Time Person of the Year per Letter
28,830
3.65
History
Mar 28, 2011
Grammy Nominees (2012)
16,056
4.44
Music
Dec 6, 2012
Go to Creator's Profile
Score Distribution
Quiz Creator Spotlight
leviper
Follow
Send a Message
Quizzes Created
-
Created Quiz Play Count
-
More By This Creator
Popular Quizzes Today
1
Find the US States - No Outlines Minefield
2
Find the Countries of Europe - No Outlines Minefield
3
The Countries of the World
4
Popular People in 1961
5
1-10 Letter E Words III
6
Find the US States
7
US States
8
One Thing in Common: World Cities II
More Music Quizzes
Mystery Billie Eilish Song II
Quiz Lab
Trending Quizzes
Risky Map Clicking: Least Populous States A-Z
1-10 Letter F Words
1-10 Letter G Words
One Thing in Common: United Kingdom
Risky Map Clicking: Next State Alphabetically
Recently Updated
Leaping Animals
pecheneg
Reality TV Shows (A-Z)
bhenderson79
Rickey Henderson's Hall of Fame Teammates
pecheneg
Champions League XIs: Arsenal
pecheneg
Quick Pick: Celebrities in WWE's Hall of Fame
aduchscher
A-Z Keypad Blitz II
pecheneg
Multiple Oscar Actors
pecheneg
Mystery Phrase Blitz: Oscar 'Best Actors'
pecheneg
F. Scott Fitzgerald Novels
LTH
Pick 3 Villains
ddd62291
Trending Topics
Harry Potter
Disney
Crossword
Marvel
Kpop
Anime
NBA
Song
NFL
Pokémon
Puzzle
Country
Soccer
The Office
WWE
Your Account Isn't Verified!
In order to create a playlist on Sporcle, you need to verify the email address you used during registration. Go to your
Sporcle Settings
to finish the process.
Report this User
Report this user for behavior that violates our
Community Guidelines
.
Details:
Send Report
Go to the Sporcle.com Mobile Site →
Comments